One's company; (Record no. 124007)
[ view plain ]
| 000 -LEADER | |
|---|---|
| fixed length control field | 00786cam a2200241u 4500 |
| 001 - CONTROL NUMBER | |
| control field | 6889111 |
| 003 - CONTROL NUMBER IDENTIFIER | |
| control field | ARRUPE |
| 005 - DATE AND TIME OF LATEST TRANSACTION | |
| control field | 20160122113022.0 |
| 008 - FIXED-LENGTH DATA ELEMENTS--GENERAL INFORMATION | |
| fixed length control field | 821207s1934 nyubcf 000 0 eng |
| 010 ## - LIBRARY OF CONGRESS CONTROL NUMBER | |
| LC control number | 34031284 |
| 040 ## - CATALOGING SOURCE | |
| Original cataloging agency | DLC |
| Transcribing agency | CarP |
| Modifying agency | DLC |
| 043 ## - GEOGRAPHIC AREA CODE | |
| Geographic area code | a-cc--- |
| 050 00 - LIBRARY OF CONGRESS CALL NUMBER | |
| Classification number | SPC DS710 |
| Item number | .F65 |
| 300 ## - PHYSICAL DESCRIPTION | |
| Other physical details | incl. front. plates, port., double map. |
| Dimensions | 22 cm. |
| 100 1# - MAIN ENTRY--PERSONAL NAME | |
| Personal name | Fleming, Peter, |
| Dates associated with a name | 1907-1971. |
| 9 (RLIN) | 21714 |
| 245 10 - TITLE STATEMENT | |
| Title | One's company; |
| Remainder of title | a journey to China, |
| Statement of responsibility, etc | by Fleming, Peter, |
| 260 ## - PUBLICATION, DISTRIBUTION, ETC. (IMPRINT) | |
| Place of publication, distribution, etc | London |
| Name of publisher, distributor, etc | Jonathan Cape |
| Date of publication, distribution, etc | 1934. |
| 300 ## - PHYSICAL DESCRIPTION | |
| Extent | 319 p.; |
| 650 #0 - SUBJECT ADDED ENTRY--TOPICAL TERM | |
| Topical term or geographic name as entry element | Communism |
| Geographic subdivision | China. |
| 9 (RLIN) | 21718 |
| 651 #0 - SUBJECT ADDED ENTRY--GEOGRAPHIC NAME | |
| Geographic name | China |
| General subdivision | Description and travel. |
| 9 (RLIN) | 21719 |
| 651 #0 - SUBJECT ADDED ENTRY--GEOGRAPHIC NAME | |
| Geographic name | Manchuria (China) |
| General subdivision | Description and travel. |
| 9 (RLIN) | 21720 |
| 906 ## - LOCAL DATA ELEMENT F, LDF (RLIN) | |
| a | 0 |
| b | cbc |
| c | premunv |
| d | u |
| e | ncip |
| f | 19 |
| g | y-gencatlg |
| 942 ## - ADDED ENTRY ELEMENTS (KOHA) | |
| Source of classification or shelving scheme | Library of Congress Classification |
| Koha item type | Monograph ( Printed materials) |
| Withdrawn status | Lost status | Source of classification or shelving scheme | Damaged status | Not for loan | Collection code | Home library | Current library | Shelving location | Date acquired | Total Checkouts | Full call number | Barcode | Date last seen | Price effective from | Koha item type |
|---|---|---|---|---|---|---|---|---|---|---|---|---|---|---|---|
| Library of Congress Classification | Main Collection | ARRUPE LIBRARY | ARRUPE LIBRARY | Main Collection | 22/01/2016 | SPC DS710.F65 | 46500006007 | 22/01/2016 | 22/01/2016 | Monograph ( Printed materials) |